000 00838nam a22002057a 4500
999 _c12175
_d12175
003 AR-CdUCM
008 190318b ||||| |||| 00| 0 spa d
040 _aMUNICIPALIDAD PROVINCIAL DEL CUSCO
_cBIBLIOTECA MUNICIPAL DEL CUSCO
082 _a373.985 /
_bK26
100 _aKauffmann Doig, Federico
_96213
245 _aHistoria del Perú antiguo :
_buna nueva perspectiva /
260 _aLima :
_bEditora Perú,
_c1991.
300 _a221 paginas
_c22 cm.
505 _aContenido :Los orígenes -- Formación de las sociedades complejas -- Las culturas americanas y peruanas en el tiempo y el espacio -- La etapa de Tiahuanaco y Huari -- América hace 20 mil años y mas ...
650 _aHistoria del Perú
_9259
650 _aCulturas
_918182
650 _aÉpoca prehispánica
_92714
942 _2ddc
_cLIBROS
945 _arum
_d2019-04-08